<?xml version="1.0" encoding="UTF-8"?>
<record
    xmlns:xsi="http://www.w3.org/2001/XMLSchema-instance"
    xsi:schemaLocation="http://www.loc.gov/MARC21/slim http://www.loc.gov/standards/marcxml/schema/MARC21slim.xsd"
    xmlns="http://www.loc.gov/MARC21/slim">

  <leader>00701nam a22001697a 4500</leader>
  <datafield tag="020" ind1=" " ind2=" ">
    <subfield code="a">9780948977280</subfield>
  </datafield>
  <datafield tag="082" ind1=" " ind2=" ">
    <subfield code="a">891.439109</subfield>
    <subfield code="b">KAZ</subfield>
  </datafield>
  <datafield tag="100" ind1=" " ind2=" ">
    <subfield code="a">Kazmi, Syed Ashoor,</subfield>
  </datafield>
  <datafield tag="245" ind1=" " ind2=" ">
    <subfield code="a">Marsiya Nazm Ki Asnaaf Mein :Jadeed Marsiya aur Agha Sikandar Mehdi /</subfield>
    <subfield code="c">Syed Ashoor Kazmi ;</subfield>
  </datafield>
  <datafield tag="260" ind1=" " ind2=" ">
    <subfield code="a">Delhi:</subfield>
    <subfield code="b">Educational Publishing House,</subfield>
    <subfield code="c">1996.</subfield>
  </datafield>
  <datafield tag="300" ind1=" " ind2=" ">
    <subfield code="a">322 pages;</subfield>
  </datafield>
  <datafield tag="650" ind1=" " ind2=" ">
    <subfield code="a">Marsiya (elegiac poetry)</subfield>
    <subfield code="9">129755</subfield>
  </datafield>
  <datafield tag="880" ind1=" " ind2=" ">
    <subfield code="6">100-01\(3\r</subfield>
    <subfield code="a">&#x645;&#x631;&#x62B;&#x6CC;&#x6C1; &#x646;&#x638;&#x645; &#x6A9;&#x6CC; &#x627;&#x635;&#x646;&#x627;&#x641; &#x645;&#x6CC;&#x6BA; :&#x62C;&#x62F;&#x6CC;&#x62F; &#x645;&#x631;&#x62B;&#x6CC;&#x6C1; &#x627;&#x648;&#x631; &#x622;&#x63A;&#x627; &#x633;&#x6A9;&#x646;&#x62F;&#x631;&#x645;&#x6C1;&#x62F;&#x6CC;</subfield>
  </datafield>
  <datafield tag="880" ind1=" " ind2=" ">
    <subfield code="6">100-02\(3\r</subfield>
    <subfield code="a">&#x633;&#x6CC;&#x62F; &#x627;&#x634;&#x648;&#x631; &#x6A9;&#x627;&#x638;&#x645;&#x6CC;</subfield>
  </datafield>
  <datafield tag="880" ind1=" " ind2=" ">
    <subfield code="6">100-03\(3\r</subfield>
    <subfield code="a">&#x688;&#x6C1;&#x644;&#x6CC;:</subfield>
    <subfield code="b">&#x627;&#x6CC;&#x62C;&#x648;&#x6A9;&#x6CC;&#x634;&#x646;&#x644; &#x67E;&#x628;&#x644;&#x634;&#x646;&#x6AF; &#x6C1;&#x627;&#x624;&#x633;&#x60C;</subfield>
    <subfield code="c">1996.</subfield>
  </datafield>
  <datafield tag="942" ind1=" " ind2=" ">
    <subfield code="2">ddc</subfield>
    <subfield code="c">BK</subfield>
  </datafield>
  <datafield tag="999" ind1=" " ind2=" ">
    <subfield code="c">614302</subfield>
    <subfield code="d">614302</subfield>
  </datafield>
  <datafield tag="952" ind1=" " ind2=" ">
    <subfield code="0">0</subfield>
    <subfield code="1">0</subfield>
    <subfield code="2">ddc</subfield>
    <subfield code="4">0</subfield>
    <subfield code="6">891_439109000000000_KAZ</subfield>
    <subfield code="7">0</subfield>
    <subfield code="9">641563</subfield>
    <subfield code="a">CL</subfield>
    <subfield code="b">CL</subfield>
    <subfield code="c">LIT</subfield>
    <subfield code="d">2025-07-12</subfield>
    <subfield code="e">Donation</subfield>
    <subfield code="l">0</subfield>
    <subfield code="o">891.439109 KAZ</subfield>
    <subfield code="p">CL-D-2932</subfield>
    <subfield code="r">2025-07-12</subfield>
    <subfield code="w">2025-07-12</subfield>
    <subfield code="y">BK</subfield>
  </datafield>
</record>
